00566nam a2200169Ia 4500001001000000003000500010008004100015010001100056040000900067100002300076245008600099260003500185300001000220502008700230650002900317710005000346Para_1198CHAP220125s1997 xx 000 0 und d a199924 cCHAP aLara Reyes, Indira aAnálisis de residuos de insecticidas organofosforados por cromatografía de ga aChapingo, Méx. :b El autor a37 h. aTesis (Ing. Agr. Esp. en Parasitología Agrícola), UACh. Depto. Parasitología aInsecticidas x residuos aUACh. Departamento Parasitología Agrícola